Co můžete očekávat od outplacementu?

Outplacement - podpora odchádzajúcich zamestnancov - sa stal bežne dostupnou službou, ktorú môže zamestnávateľ použiť na zmiernenie dopadov prepustenia. Outplacement z pohľadu zamestnávateľa a zamestnanca. Príprava a organizácia outplacementového programu.

Uložené v:
Podrobná bibliografia
Hlavný autor: Hanuš, David
Médium: Kapitola
Jazyk:Czech
Predmet:
Tagy: Pridať tag
Žiadne tagy, Buďte prvý, kto otaguje tento záznam!

MARC

LEADER 00000naa a2200000 4500
001 0148972
005 20231019115902.0
041 0 |a cze 
044 |a CZ 
245 1 0 |a Co můžete očekávat od outplacementu?  |c David Hanuš 
520 |a Outplacement - podpora odchádzajúcich zamestnancov - sa stal bežne dostupnou službou, ktorú môže zamestnávateľ použiť na zmiernenie dopadov prepustenia. Outplacement z pohľadu zamestnávateľa a zamestnanca. Príprava a organizácia outplacementového programu. 
610 2 0 |a firmy 
610 2 0 |a zamestnanci 
610 2 0 |a prepúšťanie pracovníkov 
610 2 0 |a prepúšťanie hromadné 
610 2 0 |a podpory 
610 2 0 |a manažment 
100 1 |a Hanuš, David